Historia na literę B - Statystyki

Ogólne statystyki
  • Ten quiz został rozwiązany 201 razy
    193 od ostatniego zresetowania
  • Średni wynik to 12 z 24
Statystyki odpowiedzi
Wskazówka Odpowiedź % Poprawnych
Miasto oddzielone przez mur do 1989r. Berlin
90%
Epoka między odrodzeniem a oświeceniem barok
85%
Nazwisko Napoleona Bonaparte
85%
Nazwisko głuchego niemieckiego kompozytora Beethoven
82%
Inna nazwa Cesarstwa Wschodniorzymskiego Imperium {Bizantyjskie}
77%
Jedno z nazwisk wynalazcy telefonu Bell
76%
Epoka prehistoryczna następująca przed epoką żelaza Epoka {brązu}
76%
Frakcja rosyjska, która doszła do władzy podczas rewolucji październikowej Bolszewicy
74%
Miasto, w którym w 1773r. wrzucono herbatę do portu w imię protestu Boston
71%
Starożytne państwo, w którym rzekomo znajdowały się wiszące ogrody Semiramidy Babilonia
67%
Dawna nazwa dla Mumbaju Bombaj
64%
Nazwisko męża Anny Jagiellonki Batory
63%
Więzienie szturmowane podczas rewolucji francuskiej Bastylia
60%
Współczesna państwowa stolica położona niedaleko obecnych terenów, gdzie leżało powyższe Bagdad
42%
Inna nazwa dla Siddharthy Gautama Budda
33%
Nazwisko jednego z dowódców powstania listopadowego ora węgierskiego Bem
30%
Nazwisko ściętej żony Henryka VIII Boleyn
29%
Nazwisko człowieka znanego jako "El Libertador" Ameryki Południowej Bolívar
29%
Miasto, w którym wybudowany został Titanic Belfast
21%
Potomkowie holenderskich osadników w Afryce Południowej Burowie
21%
Nazwisko literackiej rodziny Anne, Emily i Charlotte Brontë
20%
Seria niemieckich nalotów na Wielką Brytanie podczas II wojny światowej Blitz
16%
Bitwa stoczona po śmierci powyższego, spowodowana chęcią Maksymiliana III Habsburga objęcia polskiego tronu Bitwa pod {Byczyną}
11%
Jedno z nazwisk zabójcy Abrahama Lincolna Booth
5%
Nie znaleziono quizów pasujących do podanych kryteriów
Rozkład punktacji
Procent ludzi z każdym wynikiem
Percentyl według liczby udzielonych odpowiedzi
Twoja historia wyników
Nie rozwiązałeś tego quizu od ostatniego zresetowania